000 00510nam a2200181Ia 4500
003 OSt
005 20230522141853.0
008 210423s2000 xx 000 0 und d
040 _cAL
041 _aeng
082 _a380
_223
_bVELR
100 _aVELAYUDHAN (Sanal Kumar).
_9110226
245 _aRural marketing targeting the non urban consumer.
260 _aNew Delhi
_bResponse Books
_c2000
365 _b200
_cINR
906 _aconsumer. ; marketing ; non ; Rural ; targeting ; urban
942 _2ddc
_cBK
999 _c172634
_d172634